000
00293nam a2200121Ia 4500
008
140130s9999 xx 000 0 und d
245
_c
Stilton, Geronimo
_a
Attack of the bandits
260
_b
Scholastic,
_c
2000
440
_v
1
521
_a
Grade 1 - Grade 2
942
_c
BK
999
_c
40668
_d
40668